000 00549nam a2200193Ia 4500
005 20250923150016.0
008 008 250917s9999 xx 000 0 eng d
037 _aTextual
040 _aDSWL
_beng
_cDSWL
041 _aeng
_2eng
084 _aG:55(JB), N96
_qDSWL
245 0 _aDraftring a people's forest bill
_cEd. by Walter Fernandes
260 _aNew Delhi
_bIndian Social Institute
_c1996
300 _av,213 p.
365 _aINR
_b100.00
925 _g100.00
942 _cTEXL
_hG:55(JB), N96
999 _c1458446
_d1458446